Introducción a la moderna antropología cultural / (Registro nro. 36067)
[ vista simple ]
| 000 -CABECERA | |
|---|---|
| campo de control de longitud fija | 00745nam a2200193 a 4500 |
| 001 - NÚMERO DE CONTROL | |
| campo de control | 000036576 |
| 005 - FECHA Y HORA DE LA ÚLTIMA TRANSACCIÓN | |
| campo de control | 20200930075816.0 |
| 008 - DATOS DE LONGITUD FIJA--INFORMACIÓN GENERAL | |
| campo de control de longitud fija | 120120s1977 mx 000 0 spa d |
| 020 ## - NÚMERO INTERNACIONAL ESTÁNDAR DEL LIBRO | |
| Número Internacional Estándar del Libro | 8437501164 |
| 040 ## - FUENTE DE LA CATALOGACIÓN | |
| Centro catalogador/agencia de origen | DO-SdBNP |
| Lengua de catalogación | spa |
| Centro/agencia transcriptor | BNPHU |
| 100 1# - ENTRADA PRINCIPAL--NOMBRE DE PERSONA | |
| Nombre de persona | Bock, Philip K. |
| 9 (RLIN) | 62845 |
| 245 #0 - MENCIÓN DE TÍTULO | |
| Título | Introducción a la moderna antropología cultural / |
| Mención de responsabilidad, etc. | Philip K. Bock ; traductor de Carmen González de Chuaqui. |
| 260 ## - PUBLICACIÓN, DISTRIBUCIÓN, ETC. | |
| Lugar de publicación, distribución, etc. | México : |
| Nombre del editor, distribuidor, etc. | Fondo de Cultura Económica, |
| Fecha de publicación, distribución, etc. | 1977. |
| 300 ## - DESCRIPCIÓN FÍSICA | |
| Extensión | 584 p. : |
| Otras características físicas | il., retrs. ; |
| Dimensiones | 23 cm. |
| 490 1# - MENCIÓN DE SERIE | |
| Mención de serie | Sección de obras de antropología |
| 500 ## - NOTA GENERAL | |
| Nota general | Incluye notas al pie de las página |
| 534 ## - NOTA SOBRE LA VERSIÓN ORIGINAL | |
| Encabezamiento principal del original | Título original. |
| Mención de título del original | Modern cultural anthropology : an introduction. |
| 830 #0 - PUNTO DE ACCESO ADICIONAL DE SERIE-TÍTULO UNIFORME | |
| Título uniforme | Sección de obras de antropología |
| 9 (RLIN) | 62846 |
| Estado de retiro | Estado de pérdida | Restricciones de uso | No para préstamo | Código de colección | Localización permanente | Ubicación/localización actual | Ubicación en estantería | Fecha de adquisición | Número de inventario | Total de préstamos | Signatura topográfica completa | Código de barras | Fecha visto por última vez | Precio válido a partir de | Tipo de ítem Koha |
|---|---|---|---|---|---|---|---|---|---|---|---|---|---|---|---|
| Monografías: Libros y Folletos | General | General | Orden iniciada | 20.01.2012 | LF1 | 36576-10 | 25.06.2020 | 25.06.2020 | No se presta |
